La lista roja de la UICN: (Registro nro. 3796)
[ vista simple ]
| 000 -LEADER | |
|---|---|
| fixed length control field | 01131nam a2200289Ia 4500 |
| 003 - CONTROL NUMBER IDENTIFIER | |
| control field | OSt |
| 005 - DATE AND TIME OF LATEST TRANSACTION | |
| control field | 20200929111542.0 |
| 008 - FIXED-LENGTH DATA ELEMENTS--GENERAL INFORMATION | |
| fixed length control field | 191128s2014 wauao gr 000 0 spa d |
| 020 ## - INTERNATIONAL STANDARD BOOK NUMBER | |
| International Standard Book Number | 9781495115257 |
| 040 ## - CATALOGING SOURCE | |
| Original cataloging agency | CO-JMCR |
| Transcribing agency | CO-JMCR |
| 041 1# - LANGUAGE CODE | |
| Language code of text/sound track or separate title | spa |
| Language code of original | eng |
| 082 04 - DEWEY DECIMAL CLASSIFICATION NUMBER | |
| Classification number | 591.68 / |
| Item number | S636l |
| Edition number | 23 |
| 100 1# - MAIN ENTRY--PERSONAL NAME | |
| Personal name | Smart, Jane S., |
| Relator term | autor |
| 9 (RLIN) | 10935 |
| 245 #0 - TITLE STATEMENT | |
| Title | La lista roja de la UICN: |
| Remainder of title | 50 años de conservación = The IUCN red list: 50 years of conservation / |
| Statement of responsibility, etc. | Jane Smart, Craig Hilton Taylor, Russell A. Mittermeier |
| 260 ## - PUBLICATION, DISTRIBUTION, ETC. | |
| Place of publication, distribution, etc. | Washington D.C : |
| Name of publisher, distributor, etc. | Cemex : Earth in Focus, |
| Date of publication, distribution, etc. | 2014. |
| 300 ## - PHYSICAL DESCRIPTION | |
| Extent | 291 páginas : |
| Other physical details | fotografías ; |
| Dimensions | 29 x 31 cm. |
| 504 ## - BIBLIOGRAPHY, ETC. NOTE | |
| Bibliography, etc. note | Incluye referencias bibliográficas página 287 |
| 546 ## - LANGUAGE NOTE | |
| Language note | Español - Ingles |
| 650 24 - SUBJECT ADDED ENTRY--TOPICAL TERM | |
| Topical term or geographic name entry element | Especies en peligro |
| General subdivision | Listados |
| 9 (RLIN) | 10936 |
| 650 24 - SUBJECT ADDED ENTRY--TOPICAL TERM | |
| Topical term or geographic name entry element | Ecosistemas vulnerables |
| 9 (RLIN) | 10937 |
| 650 24 - SUBJECT ADDED ENTRY--TOPICAL TERM | |
| Topical term or geographic name entry element | Conservación de especies |
| 9 (RLIN) | 10938 |
| 650 24 - SUBJECT ADDED ENTRY--TOPICAL TERM | |
| Topical term or geographic name entry element | Conservación de la vida silvestre |
| 9 (RLIN) | 307 |
| 700 1# - ADDED ENTRY--PERSONAL NAME | |
| Personal name | Hilton-Taylor, Craig., |
| Relator term | autor |
| 9 (RLIN) | 10939 |
| 700 1# - ADDED ENTRY--PERSONAL NAME | |
| Personal name | Mittermeier, Russell A., |
| Relator term | autor |
| 9 (RLIN) | 10940 |
| 700 1# - ADDED ENTRY--PERSONAL NAME | |
| Personal name | Goettsch Mittermeier, Cristina, |
| Relator term | autor |
| 9 (RLIN) | 10941 |
| 942 ## - ADDED ENTRY ELEMENTS (KOHA) | |
| Source of classification or shelving scheme | Dewey Decimal Classification |
| Koha item type | Books |
| Withdrawn status | Lost status | Source of classification or shelving scheme | Materials specified (bound volume or other part) | Damaged status | Not for loan | Home library | Current library | Shelving location | Date acquired | Source of acquisition | Total Checkouts | Full call number | Barcode | Date last seen | Date last checked out | Copy number | Price effective from | Koha item type |
|---|---|---|---|---|---|---|---|---|---|---|---|---|---|---|---|---|---|---|
| Dewey Decimal Classification | Donación--01/12/2017-- | Biblioteca Pública José María del Castillo y Rada | Biblioteca Pública José María del Castillo y Rada | General Stacks | 11/28/2019 | Donación | 1 | 591.68 / S636l | 201808243 | 11/18/2025 | 11/18/2025 | Ej.1 | 11/28/2019 | Books |